| 000 | 00365 a2200157 4500 | ||
|---|---|---|---|
| 001 | 46052 | ||
| 020 | _a978-85-7406224-2 | ||
| 040 | _cAnchieta - Aquarius | ||
| 100 | _aMachado, Ana Maria | ||
| 240 | 1 | 0 |
_aHistórias à brasileira _lpor |
| 245 | 1 | 0 | _aHistórias à brasileira |
| 300 | _a | ||
| 362 | 0 | _a2008 | |
| 650 | 4 | _aLiteratura infanto-juvenil | |
| 942 | _cBK | ||
| 999 |
_c46052 _d46052 |
||